Reforma zdravotníctva v podmienkach SR

Uložené v:
Podrobná bibliografia
Hlavný autor: Drábeková, Mária
Médium: Kapitola
Jazyk:Slovak
Tagy: Pridať tag
Žiadne tagy, Buďte prvý, kto otaguje tento záznam!

MARC

LEADER 00000naa$a2200000$$$4500
001 0063585
005 20240502071732.3
041 0 |a slo 
044 |a SK 
245 1 0 |a Reforma zdravotníctva v podmienkach SR  |c Mária Drábeková 
100 1 |a Drábeková, Mária